Future Songs as Emojis - Statistics

General Stats
  • This quiz has been taken 504 times
  • The average score is 4 of 10
Answer Stats
Hint Answer % Correct
🦸‍♂️ Superhero
72%
⌨️💩 Type Shit
70%
😷📵 Mask Off
68%
🏃‍♂️⌛️ Runnin Outta Time
44%
🟣🌧 Purple Reign
39%
🏒🗣 Stick Talk
38%
🍺🚬 Drankin N Smokin
34%
👗👠 Cinderella
29%
💊📞 Perkys Calling
27%
🥇📴 First Off
25%
No matching quizzes found
Score Distribution
Percent of People with Each Score
Percentile by Number Answered
Your Score History
You have not taken this quiz